[Event "Vaujany 2019 Principal"]
[Site "?"]
[Date "2019.07.12"]
[Round "2.9"]
[White "Joie, Sebastien"]
[Black "Degardin, Sylvain"]
[Result "1-0"]
[WhiteElo "2402"]
[BlackElo "2180"]
[PlyCount "65"]

{[%evp 0,65,16,-17,14,19,22,-29,-17,-24,-6,-2,0,-14,1,-39,0,-41,-40,-1,-9,-65,
-45,-67,37,-126,-122,-101,-61,-65,235,227,347,271,301,309,302,310,310,310,310,
310,304,272,280,284,293,302,301,327,314,325,340,340,362,379,361,368,368,360,
374,305,367,390,394,417,540,536]} 1. c4 c5 2. Nf3 Nc6 3. d4 cxd4 4. Nxd4 Nf6 5.
Nc3 e6 6. g3 Qb6 7. Nc2 Ne5 8. e4 Bc5 9. f4 Neg4 10. e5 Nf2 11. Qf3 N6g4 12. h3
Nxh1 13. hxg4 Bf2+ 14. Kd1 Qc6 15. Ne4 f5 16. exf6 Nxg3 17. fxg7 Rg8 18. Nf6+
Kf7 19. Qxf2 Ne4 20. Nxe4 Qxe4 21. Qe2 Qxe2+ 22. Bxe2 Rxg7 23. b3 d6 24. Bb2
Rg8 25. Kd2 e5 26. fxe5 dxe5 27. Rf1+ Ke7 28. Ne3 Be6 29. Bxe5 Raf8 30. Nd5+
Kd8 31. Bf6+ Kd7 32. g5 b5 33. Ne7 1-0

[Event "Vaujany 2019 Principal"]
[Site "Vaujany"]
[Date "2019.07.12"]
[Round "2.10"]
[White "Satyapragyan, Swayangsu"]
[Black "Trabet, Nicolas"]
[Result "1-0"]
[WhiteElo "2390"]
[BlackElo "2175"]
[PlyCount "63"]
[EventDate "2019.07.??"]
[EventRounds "9"]

1. e4 c5 2. Nc3 g6 3. g3 Nc6 4. Bg2 Bg7 5. d3 e6 6. Be3 Nd4 7. Nce2 Ne7 8. c3
Nxe2 9. Nxe2 d6 10. d4 Qc7 11. Qd2 O-O 12. h4 Re8 13. h5 Bd7 14. hxg6 hxg6 15.
Bh6 Bh8 16. Bg5 Bg7 17. Bh6 Bh8 18. O-O-O Bb5 19. Kb1 Bxe2 20. Qxe2 cxd4 21.
cxd4 Qb6 22. Be3 d5 23. Rxh8+ Kxh8 24. Qf3 Kg8 25. Rh1 e5 26. dxe5 d4 27. Bg5
Kf8 28. Rh7 Qe6 29. Bh3 f5 30. exf6 Nf5 31. Bxf5 gxf5 32. Rh8+ 1-0

[Event "Vaujany 2019 Principal"]
[Site "Vaujany"]
[Date "2019.07.12"]
[Round "2.11"]
[White "Thomas, Anysia"]
[Black "Valles, Manuel"]
[Result "0-1"]
[WhiteElo "2159"]
[BlackElo "2390"]
[PlyCount "56"]
[EventDate "2019.07.??"]
[EventRounds "9"]

1. d4 d5 2. c4 e6 3. Nf3 c6 4. Nbd2 f5 5. g3 Nf6 6. Bg2 Bd6 7. Qc2 O-O 8. O-O
Nbd7 9. cxd5 cxd5 10. Nb3 Qe7 11. Bf4 Bxf4 12. gxf4 b6 13. Qc6 Ba6 14. Ng5 Rac8
15. Qa4 Nb8 16. Rfe1 Rc2 17. Nc1 Rfc8 18. Nd3 h6 19. Nxe6 R2c4 20. Qa3 Qxe6 21.
Nb4 Bb5 22. b3 R4c7 23. Rac1 a5 24. Nd3 Bxd3 25. exd3 Rxc1 26. Rxc1 Rxc1+ 27.
Qxc1 Nc6 28. Qc3 Nh5 0-1

[Event "Vaujany 2019 Principal"]
[Site "Vaujany"]
[Date "2019.07.12"]
[Round "2.12"]
[White "Pupier, Terry"]
[Black "Konguvel, Ponnuswamy"]
[Result "0-1"]
[WhiteElo "2332"]
[BlackElo "2343"]
[PlyCount "146"]
[EventDate "2019.07.??"]
[EventRounds "9"]

1. e4 c5 2. Nf3 Nc6 3. Bb5 g6 4. O-O Bg7 5. Re1 Nf6 6. e5 Nd5 7. Nc3 Nc7 8. a4
O-O 9. Bxc6 dxc6 10. h3 Ne6 11. d3 Nd4 12. a5 Bf5 13. Be3 Nxf3+ 14. Qxf3 c4 15.
dxc4 Bxc2 16. a6 Qc7 17. Bf4 Rad8 18. Qe3 b6 19. Rac1 Bf5 20. g4 Be6 21. Ne2
Qc8 22. Nd4 Bxg4 23. hxg4 Qxg4+ 24. Kh1 g5 25. Rg1 Qh4+ 26. Bh2 Rxd4 27. Rxg5
Kh8 28. f4 Rfd8 29. Qf3 Rd2 30. Rg2 Rxg2 31. Qxg2 Qh6 32. Rg1 Qg6 33. Qf3 Qe6
34. Qg2 Rg8 35. b3 b5 36. Qe4 f5 37. Qd3 bxc4 38. bxc4 c5 39. Ra1 Bh6 40. Rg1
Qxa6 41. Rxg8+ Kxg8 42. Qd5+ e6 43. Qd8+ Bf8 44. Qg5+ Kf7 45. Qh5+ Ke7 46. Bg3
Qb7+ 47. Kg1 Kd8 48. Bh4+ Be7 49. Qxh7 Qb1+ 50. Kf2 Qc2+ 51. Kg1 Qd1+ 52. Kf2
Qd4+ 53. Kg2 Qe4+ 54. Kg1 Qe3+ 55. Kg2 Qe2+ 56. Bf2 Qxc4 57. Qg8+ Kd7 58. Qb8
Qa6 59. Kh2 Qb6 60. Qa8 Bd8 61. Qg2 Qb4 62. Qf3 Qe4 63. Qd1+ Kc8 64. Kg3 Bb6
65. Qd6 Qd5 66. Qf8+ Qd8 67. Qf7 Qd3+ 68. Kh2 Qd7 69. Qf8+ Kb7 70. Be1 c4 71.
Bb4 Qh7+ 72. Kg2 Qg6+ 73. Kh2 Qg1+ 0-1

[Event "Vaujany 2019 Principal"]
[Site "Vaujany"]
[Date "2019.07.12"]
[Round "2.13"]
[White "Saravanan, V.."]
[Black "Fodor, Balazs"]
[Result "1/2-1/2"]
[WhiteElo "2332"]
[BlackElo "2154"]
[PlyCount "81"]
[EventDate "2019.07.??"]
[EventRounds "9"]

1. d4 d5 2. c4 c6 3. Nf3 Nf6 4. e3 Bg4 5. Qb3 Qb6 6. Nc3 e6 7. Nh4 Be7 8. h3
Bh5 9. g4 Nfd7 10. Ng2 Bg6 11. c5 Qc7 12. Nf4 e5 13. Nxg6 hxg6 14. Bg2 e4 15.
O-O f5 16. gxf5 gxf5 17. f3 Nf6 18. Bd2 Nbd7 19. fxe4 fxe4 20. Ne2 Nf8 21. Be1
Ne6 22. Bg3 Qd7 23. Nf4 Nxf4 24. Bxf4 Nh5 25. Bh2 Bg5 26. Rac1 Nf6 27. Bf4 Bxf4
28. Rxf4 O-O-O 29. Rcf1 Rh6 30. Qd1 Rdh8 31. Qe2 Rxh3 32. Bxh3 Qxh3 33. Kf2 Rh6
34. Ke1 Rg6 35. Kd2 Rg3 36. R4f2 Ng4 37. Rf8+ Kd7 38. R8f7+ Ke6 39. Rxg7 Rg2
40. Rg6+ Ke7 41. Rg7+ 1/2-1/2

[Event "Vaujany 2019 Principal"]
[Site "?"]
[Date "2019.07.12"]
[Round "2.15"]
[White "Gelas, Christophe"]
[Black "Soyer, Jean-Yves"]
[Result "1-0"]
[WhiteElo "2317"]
[BlackElo "2013"]
[PlyCount "89"]

1. d4 Nf6 2. c4 g6 3. f3 c5 4. d5 d6 5. e4 Bg7 6. Nc3 O-O 7. Bg5 e6 8. Qd2 exd5
9. cxd5 h6 10. Be3 h5 11. Nge2 Nh7 12. h4 Nd7 13. Nf4 Ne5 14. Be2 a6 15. a4 Rb8
16. Kf2 Bd7 17. a5 Nf6 18. Rhb1 Bb5 19. Bxb5 axb5 20. Nxb5 Nc4 21. Qd3 Nxe3 22.
Kxe3 Bh6 23. g3 Nd7 24. Kf2 Bxf4 25. gxf4 Qxh4+ 26. Ke3 g5 27. fxg5 Qxg5+ 28.
f4 Qg3+ 29. Kd2 Qxf4+ 30. Qe3 Qxe3+ 31. Kxe3 f5 32. Rg1+ Kh7 33. Nxd6 fxe4 34.
Rg5 Nf6 35. Rag1 Ng4+ 36. Kxe4 Kh6 37. Rf5 Rxf5 38. Kxf5 Rg8 39. Ke6 Rg6+ 40.
Ke7 Rg7+ 41. Kd8 Rg6 42. Nxb7 h4 43. d6 h3 44. d7 Ne5 45. Rh1 1-0

[Event "Vaujany 2019 Principal"]
[Site "Vaujany"]
[Date "2019.07.12"]
[Round "2.19"]
[White "Turova, Irina"]
[Black "O'Gorman, Alice"]
[Result "1-0"]
[WhiteElo "2418"]
[BlackElo "1959"]
[PlyCount "73"]
[EventDate "2019.07.??"]
[EventRounds "9"]

1. d4 d5 2. c4 e6 3. Nc3 Nf6 4. cxd5 exd5 5. Bg5 Be7 6. e3 c6 7. Bd3 Nbd7 8.
Qc2 Nh5 9. Bxe7 Qxe7 10. Nge2 g6 11. O-O O-O 12. Rae1 Ng7 13. Nc1 Nf6 14. f3
Nf5 15. Qf2 Qd8 16. h3 Re8 17. e4 Ng7 18. N1e2 Ne6 19. e5 Nh5 20. f4 Nhg7 21.
g4 c5 22. dxc5 d4 23. Ne4 Kh8 24. b4 a5 25. b5 Rf8 26. Kh2 Ne8 27. f5 Ng5 28.
Qxd4 Qxd4 29. Nxd4 Nxe4 30. Bxe4 gxf5 31. gxf5 Nc7 32. a4 Rb8 33. Nf3 Kg8 34.
Rg1+ Kh8 35. Rd1 Re8 36. Ng5 Rf8 37. Nxf7+ 1-0

[Event "Vaujany 2019 Principal"]
[Site "?"]
[Date "2019.07.12"]
[Round "2.20"]
[White "Paternoster, Thibaud"]
[Black "Di Nicolantonio, Lucas"]
[Result "1/2-1/2"]
[WhiteElo "1909"]
[BlackElo "2396"]
[PlyCount "82"]

1. e4 c5 2. Nf3 d6 3. d4 cxd4 4. Qxd4 Nf6 5. e5 Nc6 6. Bb5 Qa5+ 7. Nc3 Qxb5 8.
Nxb5 Nxd4 9. Nfxd4 dxe5 10. Nc7+ Kd7 11. Nxa8 exd4 12. Bf4 Kc6 13. O-O-O e6 14.
Rxd4 Bc5 15. Rd3 b6 16. Rhd1 Nd5 17. Bg3 b5 18. a4 b4 19. Rxd5 exd5 20. Nc7 Rd8
21. Nb5 d4 22. Be5 d3 23. Rxd3 Rxd3 24. cxd3 a6 25. d4 Bb6 26. Nd6 Be6 27. Ne8
Bd5 28. Nxg7 Bxg2 29. Nf5 Kd7 30. Ne3 Bc6 31. Nc4 Bd8 32. b3 Ke6 33. Kd2 Be4
34. Bd6 a5 35. Bc5 Bg5+ 36. Kd1 Bf3+ 37. Kc2 Be4+ 38. Kd1 Bf3+ 39. Kc2 Bf4 40.
h4 Be4+ 41. Kb2 h5 1/2-1/2

[Event "Vaujany 2019 Principal"]
[Site "?"]
[Date "2019.07.12"]
[Round "2.32"]
[White "Farkas, Otto Jr."]
[Black "Kaloczi, Kristof"]
[Result "1/2-1/2"]
[WhiteElo "1913"]
[BlackElo "2091"]
[PlyCount "66"]

1. e4 e6 2. d4 d5 3. Nc3 Nf6 4. Bg5 Be7 5. e5 Nfd7 6. Bxe7 Qxe7 7. Qd2 a6 8.
Nd1 c5 9. c3 Nc6 10. f4 b6 11. Nf3 Bb7 12. Bd3 g6 13. O-O c4 14. Bc2 b5 15. Ne3
h5 16. b3 Nb6 17. bxc4 Nxc4 18. Nxc4 bxc4 19. Rab1 Qc7 20. Nh4 Ne7 21. Rb2 Kd7
22. Rfb1 Rhb8 23. Nf3 Bc6 24. Ng5 Ke8 25. Nh7 Rxb2 26. Rxb2 Ng8 27. Qc1 f5 28.
Ng5 Kd7 29. Qb1 Ne7 30. Nf7 Ra7 31. Nd6 Nc8 32. Nxc8 Qxc8 33. Rb8 Rb7 1/2-1/2

[Event "Vaujany 2019 Principal"]
[Site "Vaujany"]
[Date "2019.07.13"]
[Round "3.1"]
[White "Valles, Manuel"]
[Black "Turov, Maxim"]
[Result "1/2-1/2"]
[WhiteElo "2390"]
[BlackElo "2555"]
[PlyCount "80"]
[EventDate "2019.07.??"]
[EventRounds "9"]

1. c4 e5 2. Nc3 Nc6 3. Nf3 Nf6 4. e4 Bb4 5. d3 d6 6. a3 Bc5 7. b4 Bb6 8. Na4
Bg4 9. Nxb6 axb6 10. Bb2 Bxf3 11. Qxf3 Nd7 12. Qg3 Qf6 13. Be2 Nf8 14. f4 Ne6
15. fxe5 dxe5 16. Rf1 Qd8 17. Bg4 Nf4 18. O-O-O Nd4 19. Qf2 Qg5 20. Kb1 Qxg4
21. Bxd4 O-O-O 22. Qg3 Qxg3 23. hxg3 Ng6 24. Be3 f6 25. Kc2 Kd7 26. a4 Ra8 27.
Ra1 Nf8 28. Ra2 Ne6 29. Rfa1 Ra6 30. Kb3 c5 31. b5 Raa8 32. a5 bxa5 33. Rxa5
Rxa5 34. Rxa5 Kc7 35. Ra1 Rd8 36. Kc3 Nd4 37. Bxd4 exd4+ 38. Kd2 Re8 39. g4 Re5
40. Ke2 Re8 1/2-1/2

[Event "Vaujany 2019 Principal"]
[Site "?"]
[Date "2019.07.13"]
[Round "3.2"]
[White "Bailet, Pierre"]
[Black "Satyapragyan, Swayangsu"]
[Result "1/2-1/2"]
[WhiteElo "2494"]
[BlackElo "2390"]
[PlyCount "102"]

{[%evp 0,88,17,-17,0,3,-2,-1,21,19,19,25,11,7,57,69,41,16,16,16,21,24,68,70,57,
24,88,90,94,87,87,80,86,78,81,81,93,90,146,132,119,118,145,155,156,111,99,92,
143,140,159,105,105,115,112,110,123,115,154,159,147,156,153,155,152,160,144,
150,169,176,191,184,210,200,220,222,225,219,241,244,230,230,230,237,223,237,
229,222,229,229,222]} 1. g3 c5 2. Bg2 Nc6 3. Nf3 g6 4. O-O Bg7 5. c3 Nf6 6. d4
d6 7. dxc5 dxc5 8. Qa4 Qa5 9. Qxa5 Nxa5 10. Na3 O-O 11. Be3 b6 12. b4 cxb4 13.
cxb4 Nd5 14. bxa5 Nxe3 15. fxe3 Bxa1 16. Rxa1 Bb7 17. Rb1 Rab8 18. axb6 axb6
19. Nc4 Bd5 20. Nfe5 Bxg2 21. Kxg2 Ra8 22. a3 Ra4 23. Rb4 b5 24. Rxa4 bxa4 25.
Nd7 Rc8 26. Ndb6 Rc5 27. Kf3 f5 28. e4 Kf7 29. Ke3 fxe4 30. Kxe4 Ke6 31. h4 g5
32. h5 g4 33. h6 Rh5 34. Nxa4 Rxh6 35. Nc5+ Kf6 36. Ne5 Rh1 37. Nxg4+ Kg5 38.
Ne5 Ra1 39. a4 h5 40. e3 Ra2 41. Kd5 Ra3 42. Nc4 Ra1 43. Ne5 Ra3 44. Ke4 Ra1
45. Kd4 Rd1+ 46. Kc4 Ra1 47. Kb4 Kf5 48. Nc6 Kg4 49. Nxe7 Kxg3 50. a5 h4 51.
Nf5+ Kf3 1/2-1/2

[Event "Vaujany 2019 Principal"]
[Site "Vaujany"]
[Date "2019.07.13"]
[Round "3.3"]
[White "Konguvel, Ponnuswamy"]
[Black "Bokros, Albert"]
[Result "1-0"]
[WhiteElo "2343"]
[BlackElo "2472"]
[PlyCount "69"]
[EventDate "2019.07.??"]
[EventRounds "9"]

1. e4 c5 2. Nf3 Nc6 3. d4 cxd4 4. Nxd4 Qb6 5. Nb3 Nf6 6. Nc3 e6 7. Qe2 d6 8. g4
a6 9. Be3 Qc7 10. g5 Nd7 11. h4 Be7 12. O-O-O b5 13. f4 Nb6 14. Qf2 Rb8 15. a3
Na4 16. Qd2 Bd7 17. h5 O-O 18. h6 g6 19. Nxa4 bxa4 20. Qc3 f6 21. Nd4 Qb7 22.
Nxc6 Bxc6 23. Bc4 d5 24. exd5 Bxd5 25. Bxd5 exd5 26. Bd4 fxg5 27. Qe3 gxf4 28.
Qe6+ Rf7 29. Rdg1 Kf8 30. Rxg6 Bxa3 31. Bg7+ Kg8 32. Be5+ Kf8 33. Bd6+ Bxd6 34.
Qxd6+ Re7 35. Qxf4+ 1-0

[Event "Vaujany 2019 Principal"]
[Site "Vaujany"]
[Date "2019.07.13"]
[Round "3.4"]
[White "Horvath, Jozsef"]
[Black "Zachary, Matheo"]
[Result "1/2-1/2"]
[WhiteElo "2451"]
[BlackElo "2316"]
[PlyCount "77"]
[EventDate "2019.07.??"]
[EventRounds "9"]

1. Nf3 Nf6 2. c4 c5 3. b3 g6 4. Bb2 Bg7 5. g3 O-O 6. Bg2 Nc6 7. O-O d6 8. Nc3
e5 9. d3 h6 10. Ne1 Be6 11. Nd5 Nd7 12. a3 Rb8 13. Nc2 a6 14. a4 Nd4 15. Nxd4
exd4 16. a5 Ne5 17. Qd2 Nc6 18. e4 dxe3 19. fxe3 Bxd5 20. Bxg7 Kxg7 21. cxd5
Ne5 22. d4 Nd7 23. Bh3 cxd4 24. Bxd7 Qxd7 25. Qxd4+ f6 26. Rac1 Qe7 27. Rc3
Rbc8 28. Rfc1 Rxc3 29. Rxc3 Qe5 30. Qxe5 fxe5 31. e4 g5 32. Kg2 h5 33. b4 Rf7
34. h3 Rf8 35. Rc7+ Rf7 36. Rxf7+ Kxf7 37. Kf3 Ke7 38. g4 h4 39. Ke3 1/2-1/2

[Event "Vaujany 2019 Principal"]
[Site "Vaujany"]
[Date "2019.07.13"]
[Round "3.5"]
[White "Sundararajan, Kidambi"]
[Black "Gelas, Cristophe"]
[Result "1-0"]
[WhiteElo "2413"]
[BlackElo "2317"]
[PlyCount "85"]
[EventDate "2019.07.??"]
[EventRounds "9"]

1. g3 d5 2. Bg2 c6 3. c4 Nf6 4. Nf3 Bf5 5. Qb3 Qb6 6. d3 e6 7. Be3 dxc4 8. Qxc4
Qxb2 9. O-O Nbd7 10. Nbd2 Nb6 11. Bxb6 Qxb6 12. Nd4 Rc8 13. Rab1 Qc7 14. Qb3
Bc5 15. Nxf5 exf5 16. Qxb7 O-O 17. Qxc7 Rxc7 18. Rfc1 Nd7 19. Nb3 Bb6 20. a4 a5
21. Bxc6 Ne5 22. Bd5 Rd7 23. Bg2 g6 24. Nc5 Rd6 25. d4 Ng4 26. e3 Rc8 27. Nb7
Rxc1+ 28. Rxc1 Re6 29. Rc8+ Kg7 30. d5 Re5 31. Rc6 Ba7 32. Ra6 Bxe3 33. fxe3
Rxe3 34. d6 Re1+ 35. Bf1 Rd1 36. h3 Ne3 37. Kf2 Nxf1 38. Ke2 Rb1 39. d7 Nxg3+
40. Kd2 Rb2+ 41. Kc1 Rxb7 42. d8=Q Rb4 43. Qxa5 1-0

[Event "Vaujany 2019 Principal"]
[Site "?"]
[Date "2019.07.13"]
[Round "3.6"]
[White "Neelotpal, Das"]
[Black "Le Corre, Benjamin"]
[Result "1/2-1/2"]
[WhiteElo "2406"]
[BlackElo "2280"]
[PlyCount "69"]

{[%evp 0,69,13,17,51,58,89,71,49,32,40,30,46,43,72,48,43,25,30,55,49,40,39,45,
44,46,51,54,41,32,28,16,20,36,28,29,42,8,8,16,22,0,0,25,0,11,-7,-34,-11,0,0,8,
17,-26,-32,-17,-25,-20,-56,-31,-39,-39,-31,-21,-20,-27,-15,-37,33,11,17,0]} 1.
e4 c5 2. Nf3 d6 3. d4 cxd4 4. Nxd4 Nf6 5. Nc3 Nc6 6. Bg5 e6 7. Qd2 Be7 8. O-O-O
a6 9. f4 h6 10. Bxf6 gxf6 11. Be2 Qb6 12. Nb3 h5 13. Kb1 Bd7 14. Rhf1 O-O-O 15.
Rf3 Kb8 16. Rh3 h4 17. Qe1 Rc8 18. Rxh4 Rxh4 19. Qxh4 f5 20. Qg3 fxe4 21. Nxe4
Nb4 22. c3 Nd5 23. Rc1 f5 24. Ned2 Qe3 25. Qxe3 Nxe3 26. Bf3 e5 27. fxe5 dxe5
28. Re1 Bg5 29. Nf1 Nxf1 30. Rxf1 e4 31. Be2 Rh8 32. h3 f4 33. Nd4 Bh6 34. Bc4
Re8 35. Re1 1/2-1/2

[Event "Vaujany 2019 Principal"]
[Site "?"]
[Date "2019.07.13"]
[Round "3.7"]
[White "Frederic, Clement"]
[Black "Joie, Sebastian"]
[Result "0-1"]
[WhiteElo "2254"]
[BlackElo "2402"]
[PlyCount "110"]

{[%evp 0,95,34,34,13,25,22,17,13,13,19,13,52,-18,-7,-15,-4,1,-3,-2,22,7,-2,-7,
-19,-17,-20,-20,-4,-1,-2,-15,-7,-26,-7,-7,28,-18,-2,7,9,-40,-29,-34,-16,-20,
-22,-24,-23,-23,-16,-39,-12,-41,-44,-34,-22,-22,-33,-53,-33,-54,-35,-55,-67,
-62,-5,-7,0,0,3,-24,-14,0,0,-153,-144,-149,-162,-167,-167,-149,-187,-263,-250,
-248,-255,-288,-278,-306,-313,-311,-310,-310,-332,-332,-300,-332]} 1. e4 e5 2.
Nf3 Nc6 3. Nc3 Nf6 4. Bb5 Nd4 5. Bc4 Bc5 6. d3 d6 7. h3 c6 8. a3 b5 9. Ba2 a5
10. Nxd4 Bxd4 11. Ne2 Bb6 12. Ng3 O-O 13. Qf3 Ne8 14. Nf5 Be6 15. Qg3 Kh8 16.
O-O Bxa2 17. Rxa2 Qd7 18. Kh1 f6 19. f4 Nc7 20. Ra1 Ne6 21. fxe5 dxe5 22. Be3
Bxe3 23. Qxe3 a4 24. Rad1 Rad8 25. Rd2 g6 26. Ng3 Qd4 27. Qxd4 Rxd4 28. Kg1 Kg7
29. Rfd1 Rfd8 30. Kf2 Kf7 31. Ke3 R4d7 32. Ne2 Nd4 33. Nxd4 exd4+ 34. Kf4 Re7
35. c3 c5 36. cxd4 Rxd4 37. Rc1 Rexe4+ 38. dxe4 Rxd2 39. Rxc5 Rxb2 40. Rc7+ Ke6
41. Rb7 g5+ 42. Ke3 Rxg2 43. Rxb5 Rg3+ 44. Kd4 Rxh3 45. Rb6+ Kf7 46. e5 fxe5+
47. Kxe5 Rf3 48. Rb4 Rf4 49. Rb6 h5 50. Rb7+ Kg6 51. Rb6+ Kg7 52. Rb7+ Rf7 53.
Rb4 g4 54. Rxa4 g3 55. Rh4 g2 0-1

[Event "Vaujany 2019 Principal"]
[Site "?"]
[Date "2019.07.13"]
[Round "3.8"]
[White "Geher, Koppany"]
[Black "Turova, Irina"]
[Result "1/2-1/2"]
[WhiteElo "2211"]
[BlackElo "2418"]
[PlyCount "67"]

{[%evp 0,67,19,31,34,19,13,4,13,-2,42,44,59,36,21,27,27,22,51,30,25,27,37,-8,
-4,-15,14,38,81,27,-17,-26,48,47,71,-10,65,-30,-2,-14,-21,-8,71,-23,-35,-35,-3,
19,16,34,53,-74,35,-15,-3,25,25,4,26,36,11,24,80,-82,-6,21,72,-88,34,-12]} 1.
e4 e5 2. Nf3 Nc6 3. Bb5 a6 4. Ba4 Nge7 5. O-O g6 6. c3 Bg7 7. d4 exd4 8. cxd4
b5 9. Bc2 O-O 10. h3 d6 11. Bg5 h6 12. Be3 Bb7 13. Qd2 Kh7 14. Nc3 Na5 15. b3
c5 16. Rad1 c4 17. h4 Bc8 18. Rde1 b4 19. Ne2 c3 20. Qc1 d5 21. e5 Bf5 22. h5
Nac6 23. Nf4 Qd7 24. Nh4 Be4 25. Qb1 g5 26. Nxd5 Bxc2 27. Qxc2+ Kh8 28. Nf6
Bxf6 29. exf6 Ng8 30. Nf5 Rfe8 31. Ng7 Red8 32. Nf5 Re8 33. Ng7 Red8 34. Nf5
1/2-1/2

[Event "Vaujany 2019 Principal"]
[Site "?"]
[Date "2019.07.13"]
[Round "3.9"]
[White "Varga, Zoltan"]
[Black "Lemase, Rafael"]
[Result "1-0"]
[WhiteElo "2445"]
[BlackElo "2039"]
[PlyCount "52"]

1. e4 c5 2. Nf3 e6 3. b3 d6 4. c4 Nc6 5. Nc3 e5 6. a3 a5 7. Nd5 f5 8. d3 Be7 9.
Ne3 f4 10. Nd5 Nf6 11. Bb2 O-O 12. Be2 Ng4 13. Nd2 Nh6 14. g3 Bg5 15. Nf3 Bh3
16. Rg1 Ng4 17. Nxg5 Nxf2 18. Kxf2 Qxg5 19. Bf3 fxg3+ 20. Rxg3 Qh4 21. Kg1 Rf7
22. Ne3 Raf8 23. Bg4 Bxg4 24. Qxg4 Qxg4 25. Nxg4 Kh8 26. Ne3 Rf2 1-0

[Event "Vaujany 2019 Principal"]
[Site "?"]
[Date "2019.07.13"]
[Round "3.10"]
[White "Fodor, Balazs"]
[Black "Migot"]
[Result "1/2-1/2"]
[WhiteElo "2154"]
[BlackElo "2407"]
[PlyCount "59"]

1. d4 Nf6 2. c4 e6 3. Nf3 d5 4. Nc3 Bb4 5. Bg5 Nbd7 6. cxd5 exd5 7. e3 h6 8.
Bxf6 Qxf6 9. Qb3 Qd6 10. a3 Ba5 11. Rc1 c6 12. Bd3 O-O 13. O-O Nf6 14. Qc2 Bxc3
15. Qxc3 Ne4 16. Bxe4 dxe4 17. Ne5 f6 18. Nc4 Qd5 19. Qa5 b6 20. Qxd5+ cxd5 21.
Nd6 Ba6 22. Rfe1 f5 23. a4 Bd3 24. Rc7 Rad8 25. Nb7 Rc8 26. Rec1 Rxc7 27. Rxc7
Rf7 28. Rc8+ Kh7 29. Nd6 Ba6 30. Rc3 1/2-1/2

[Event "Vaujany 2019 Principal"]
[Site "Vaujany"]
[Date "2019.07.13"]
[Round "3.11"]
[White "Kranzl, Julian"]
[Black "Saravanan, V.."]
[Result "0-1"]
[WhiteElo "2203"]
[BlackElo "2332"]
[PlyCount "42"]
[EventDate "2019.07.??"]
[EventRounds "9"]

1. e4 c5 2. Nf3 d6 3. d4 cxd4 4. Nxd4 Nf6 5. Nc3 a6 6. Be3 e5 7. Nb3 Be6 8. h3
Be7 9. f4 exf4 10. Bxf4 O-O 11. Qe2 Nbd7 12. O-O-O Qc7 13. Nd4 Rfc8 14. Nf5 Ne5
15. g4 Bf8 16. Qd2 Qa5 17. Nxd6 Bxd6 18. Qxd6 Rxc3 19. bxc3 Nc6 20. Rd3 Rc8 21.
Bg2 Ne8 0-1

[Event "Vaujany 2019 Principal"]
[Site "Vaujany"]
[Date "2019.07.13"]
[Round "3.14"]
[White "Womacka, Mathias"]
[Black "Frantz, Nicolas"]
[Result "1/2-1/2"]
[WhiteElo "2448"]
[BlackElo "2059"]
[PlyCount "83"]
[EventDate "2019.07.??"]
[EventRounds "9"]

1. e4 c5 2. Nf3 Nc6 3. d4 cxd4 4. Nxd4 Nf6 5. Nc3 d6 6. Be2 e5 7. Nf3 h6 8. O-O
Be7 9. Re1 O-O 10. h3 Be6 11. Bf1 Nb8 12. b3 Nbd7 13. Bb2 a6 14. a4 Qc7 15. Nd2
Qc6 16. a5 d5 17. exd5 Nxd5 18. Nxd5 Bxd5 19. Nc4 f6 20. Qh5 Bc5 21. Rad1 Be6
22. Bd3 Rfd8 23. Ne3 Bb4 24. Nf5 Nf8 25. Re4 Bxf5 26. Qxf5 Bxa5 27. Ba3 b5 28.
Bxf8 Kxf8 29. Rxe5 Re8 30. Re4 Rad8 31. Rg4 Re5 32. Qh7 Rg5 33. b4 Bc7 34. Rxg5
hxg5 35. Re1 Qc3 36. Qe4 Qe5 37. g3 Qxe4 38. Rxe4 Re8 39. Rxe8+ Kxe8 40. Be4
Kd7 41. Bb7 a5 42. bxa5 1/2-1/2

[Event "Vaujany 2019 Principal"]
[Site "?"]
[Date "2019.07.13"]
[Round "3.15"]
[White "Di Nicolantonio, Lucas"]
[Black "Thurillet, Vincent"]
[Result "1-0"]
[WhiteElo "2396"]
[BlackElo "2057"]
[PlyCount "57"]

1. e4 c5 2. Nf3 d6 3. d4 cxd4 4. Nxd4 Nf6 5. Nc3 a6 6. Bg5 e6 7. f4 Bd7 8. Qe2
h6 9. Bh4 Nc6 10. O-O-O Be7 11. g4 Nxd4 12. Rxd4 g5 13. fxg5 Nxg4 14. Bg3 Qb6
15. g6 Qxd4 16. gxf7+ Kd8 17. Qxg4 Rc8 18. Bd3 Rf8 19. Rf1 b5 20. Kb1 Qh8 21.
e5 h5 22. Qd4 Rc6 23. Qa7 d5 24. Qb8+ Bc8 25. a4 b4 26. Ne2 h4 27. Nd4 hxg3 28.
Nxc6+ Kd7 29. Nxe7 1-0

[Event "Vaujany 2019 Principal"]
[Site "Vaujany"]
[Date "2019.07.14"]
[Round "4.1"]
[White "Joie, Sebastien"]
[Black "Sundararajan, Kidambi"]
[Result "1-0"]
[WhiteElo "2402"]
[BlackElo "2413"]
[PlyCount "73"]
[EventDate "2019.07.??"]
[EventRounds "9"]

1. d4 Nf6 2. c4 c5 3. d5 g6 4. Nc3 Bg7 5. e4 d6 6. Bd3 O-O 7. h3 e6 8. Nf3 Na6
9. O-O e5 10. Bg5 h6 11. Be3 Nh5 12. Qd2 g5 13. Nh2 Nf4 14. Bc2 Qf6 15. Ng4 Qg6
16. f3 h5 17. Nf2 Bh6 18. Bd1 Nc7 19. Kh2 f5 20. exf5 Bxf5 21. g4 Bd7 22. Bc2
Qf7 23. Nfe4 Ne8 24. Ng3 Ng7 25. Rae1 Qe7 26. Bb1 Be8 27. Nf5 Nxf5 28. Bxf5 Bd7
29. Bxf4 gxf4 30. Bxd7 Qxd7 31. Rg1 Kh8 32. Ne4 hxg4 33. Rxg4 Qe7 34. Reg1 Rg8
35. Qg2 Rxg4 36. Qxg4 Rd8 37. Qh5 1-0

[Event "Vaujany 2019 Principal"]
[Site "Vaujany"]
[Date "2019.07.14"]
[Round "4.2"]
[White "Turov, Maxim"]
[Black "Konguvel, P.."]
[Result "1-0"]
[WhiteElo "2566"]
[BlackElo "2343"]
[PlyCount "109"]
[EventDate "2019.07.??"]
[EventRounds "9"]

1. d4 Nf6 2. Nf3 g6 3. g3 Bg7 4. Bg2 O-O 5. O-O d5 6. c4 dxc4 7. Na3 c3 8. bxc3
c5 9. Qb3 Nc6 10. Rd1 Na5 11. Qb2 Qb6 12. Ne5 Be6 13. e4 Qxb2 14. Bxb2 Nd7 15.
Nd3 Bc4 16. Nxc4 Nxc4 17. e5 Rfd8 18. Rab1 Rab8 19. Ba1 cxd4 20. cxd4 b5 21.
Nb4 Na5 22. f4 e6 23. d5 exd5 24. Na6 Rb6 25. Nc7 Bf8 26. Bxd5 Bc5+ 27. Kh1 Kf8
28. e6 Bd6 29. Na8 Rxa8 30. Bxa8 fxe6 31. Bd4 Nc5 32. Bf2 Be7 33. Rd8+ Bxd8 34.
Bxc5+ Be7 35. Bxb6 axb6 36. Rxb5 Bc5 37. Kg2 Kf7 38. Rb1 Kf6 39. Re1 Nc4 40.
Kf3 Nd6 41. g4 h6 42. Be4 g5 43. Bd3 gxf4 44. Kxf4 Nf7 45. h4 Bf2 46. Rh1 Bd4
47. g5+ hxg5+ 48. hxg5+ Kg7 49. Re1 e5+ 50. Kf5 Nd6+ 51. Ke6 Nf7 52. g6 Nd8+
53. Kd5 Nb7 54. Rh1 Nc5 55. Rh7+ 1-0

[Event "Vaujany 2019 Principal"]
[Site "?"]
[Date "2019.07.12"]
[Round "4.3"]
[White "Saravanan, V.."]
[Black "Bailet, Pierre"]
[Result "0-1"]
[WhiteElo "2332"]
[BlackElo "2494"]
[PlyCount "96"]

1. d4 d5 2. c4 c6 3. Nf3 Nf6 4. e3 g6 5. Nc3 Bg7 6. Bd3 O-O 7. O-O Bg4 8. h3
Bxf3 9. Qxf3 e6 10. Rd1 Nbd7 11. Bf1 Re8 12. Bd2 dxc4 13. Bxc4 e5 14. Bb3 e4
15. Qe2 Nb6 16. a4 Nbd5 17. a5 a6 18. Na4 Qd6 19. Nc5 Re7 20. Ra4 Qd8 21. Rda1
h5 22. Bb4 g5 23. Bxd5 cxd5 24. R4a3 g4 25. hxg4 Nxg4 26. g3 Rc8 27. Rc3 Rc6
28. Rac1 Rec7 29. Na4 Qf6 30. Nb6 Qe6 31. Rxc6 Rxc6 32. Rxc6 Qxc6 33. Bc5 Qe6
34. b4 Bh6 35. Qa2 Nf6 36. b5 h4 37. gxh4 Qg4+ 38. Kf1 Qd1+ 39. Kg2 Qf3+ 40.
Kg1 Qg4+ 41. Kf1 Qh3+ 42. Ke1 Qh1+ 43. Kd2 Bxe3+ 44. Kc2 Qg2 45. Kb3 Bxf2 46.
bxa6 bxa6 47. Ka4 Qf1 48. Qb2 e3 0-1